| 000 | 00545nam a22002057a 4500 | ||
|---|---|---|---|
| 003 | OSt | ||
| 005 | 20230928111459.0 | ||
| 008 | 230928b |||||||| |||| 00| 0 eng d | ||
| 020 | _a9781319114701 | ||
| 040 |
_bDNM _cDNM |
||
| 082 | _aQW501 K95j 2019 | ||
| 100 | _4Punt, Jenni; [et...al] | ||
| 245 | _aKuby Immunology | ||
| 250 | _a8th ed. | ||
| 260 | _aNew York; macmillan, 2019 | ||
| 300 |
_axxviii,805p; _bCol.ill: _c28cm |
||
| 500 | _aAppendices, answers, glossary, & index included | ||
| 650 |
_aImmunology _91416 |
||
| 942 |
_2z _cO_SHELF |
||
| 999 |
_c8159 _d8159 |
||